00848nam a22002777a 4500003000700000005001700007008004100024020001800065040003300083041001300116050001500129100003000144245009600174250001900270260003400289300003600323336002800359337003000387338002700417504002000444650002400464650003000488650002800518650001400546650001000560CBULib20230727142042.0230515b |||||||| |||| 00| 0 eng d a9780323569040 aCBULibcCBULibbEnglisherda aenggeng aSF 745 Hol1 aHoltgrew-Bohling, Kristin aLarge animal clinical procedures for veterinary techniciansc / by Kristin Holtgrew-Bohling aFourth edition bElsevier Inc,c2020aOxford : aviii, 711 Pages : illustrations 2rdacontentaText |btxt 2rdamediaaUnmediated |bn 2rdacarrieraVolumebnc aIncludes index. 0aVETERINARY MEDICINE 0aANIMAL HEALTH TECHNICIANS 0aVETERINARY THERAPEUTICS 0aRUMINANTS 0aSWINE